Cinquantenari del C.F. Vilanova : (1951 - 2001) (1951 - 2001)
Descripción Física:
179 p. : fot. ; 28 cm
Otros Autores:
Comissió del Cinquantenari del C.F. Vilanova
MARC
| LEADER | 00000nam a2200000Ia 4500 | ||
|---|---|---|---|
| 001 | 19301 | ||
| 008 | 160829s2001 xx 000 0 cat d | ||
| 080 | |a P-1-77 | ||
| 245 | |a Cinquantenari del C.F. Vilanova : |b (1951 - 2001) | ||
| 260 | |a Barcelona : |b Comissió del Cinquantenari del C.F. Vilanova, |c 2001 | ||
| 300 | |a 179 p. : |b fot. ; |c 28 cm | ||
| 590 | |a Editat amb el suport del Servei d'Esports de la Diputació de Barcelona i el Departament d'Esports de l'Ajuntament de Vilanova i la Geltrú | ||
| 650 | |a C.F. Vilanova |x Història |9 43217 | ||
| 650 | |a Futbol |x Vilanova i la Geltrú |9 43218 | ||
| 700 | |a Comissió del Cinquantenari del C.F. Vilanova |9 43219 | ||
| 901 | |a Arxiu | ||
| 942 | |n 1 | ||
| 952 | |0 0 |1 0 |4 0 |6 P177 |7 1 |9 51289 |a Arxiu |b Arxiu |d 2016-12-01 |l 0 |o P-1-77 |p 19301 |r 2016-12-01 00:00:00 |w 2016-12-01 |y ARXIU | ||
| 999 | |c 55133 |d 55133 | ||